| 000 | 01205nam a22003137a 4500 | ||
|---|---|---|---|
| 001 | 9940 | ||
| 003 | FISKH | ||
| 005 | 20260318142626.0 | ||
| 008 | 260318b cb ||||| |||| 00| 0 eng d | ||
| 020 | _a0679807438 | ||
| 040 |
_aFISKH _beng _cFISKH _dFISKH |
||
| 050 | _aTL147 .S88 | ||
| 082 | _a629.222 | ||
| 100 | _aSutton , Richard | ||
| 245 |
_aCar : _bDiscover the history and workings of cars-from the horseless carriage to the modern supercharged car / _cBy Richard Sutton |
||
| 250 | _aFirst American edition , 1990 | ||
| 260 |
_aLondon : _bDK (Dorling Kindersley) , _c1990. |
||
| 300 |
_a63 pages : _bcolor illustrations ; _c28 cm . |
||
| 490 |
_aDK Eyewitness Guides _v21 |
||
| 505 | _aZ | ||
| 520 | _aA photo essay about the history, development, and impact of automobiles from horseless carriages and Model T Fords to today's high-performance racing cars; featuring detailed cutaway photos showing how the moving parts of a car work. | ||
| 521 | 8 |
_a1000
_bLexile |
|
| 521 | 8 |
_aZ
_bRaz-Plus |
|
| 650 |
_aAutomobiles _vJuvenile Literature |
||
| 700 |
_aDunning, Mike _eIllustrator |
||
| 700 |
_aKing , Dave _eIllustrator |
||
| 942 |
_2ddc _cBK _n0 |
||
| 999 |
_c9940 _d9940 |
||